000
00453nam a2200145Ia 4500
008
100122s9999 xx 000 0 und d
082
_b
53664
_a
799.2
100
_a
दुर्वे लालू
245
_a
कॉल ऑफ दी टायगर
260
_b
आरती प्रकाशन
_c
1997
300
_a
187
630
_a
कॉल ऑफ दी टायगर
730
_a
कॉल ऑफ दी टायगर
942
_c
BOOK
999
_c
430668
_d
430665